Progresívne metódy spojovania v montážnom procese

Na minha lista:
Detalhes bibliográficos
Autor principal: Žák, Erik (Author)
Outros Autores: Václav, Štefan (Thesis advisor)
Formato: Manuscrito Livro
Idioma:eslovaco
Publicado em: 2025
Assuntos:
Acesso em linha:http://is.stuba.sk/zp/portal_zp.pl?podrobnosti=185919
Tags: Adicionar Tag
Sem tags, seja o primeiro a adicionar uma tag!

MARC

LEADER 00000ntm a22000003a 4500
001 stuzp98510
003 SK-STU
005 20250628210415.5
007 ta
008 150427s2015----xo-----f-mn---000-0-slo-d
040 |a STU  |b slo 
041 0 |a slo 
100 1 |a Žák, Erik  |u 063000  |4 aut  |U MTF Materiálovotechnologická fakulta  |T MTF Ústav výrobných technológií  |X 116566  |U M3000  |Y 83  |7 116566 
242 0 1 |a Progressive methods of connection in the assembly process  |y eng 
245 1 0 |a Progresívne metódy spojovania v montážnom procese 
260 |c 2025 
650 4 |a skrutkový spoj  |2 slo 
650 4 |a spájanie  |2 slo 
650 4 |a poisťenie  |2 slo 
650 4 |a skrutka  |2 slo 
650 4 |a matica  |2 slo 
650 4 |a securing  |2 eng 
650 4 |a bolted joint  |2 eng 
650 4 |a bolt  |2 eng 
650 4 |a nut  |2 eng 
650 4 |a joining  |2 eng 
700 1 |a Václav, Štefan  |u 063600  |k Z1  |4 ths  |U MTF Ústav výrobných technológií  |T MTF Katedra obrábania a tvárnenia  |X 2778  |U M3600  |Y 841  |7 A000002778 
856 4 |u http://is.stuba.sk/zp/portal_zp.pl?podrobnosti=185919 
996 |c M* BP-10063  |l MMSKP  |s P  |a 0  |w stuzp98510_0001